| 000 | 00769nam a22002297a 4500 | ||
|---|---|---|---|
| 999 |
_c12980 _d12980 |
||
| 003 | AR-CdUCM | ||
| 008 | 190410b ||||| |||| 00| 0 spa d | ||
| 040 |
_aMUNICIPALIDAD PROVINCIAL DEL CUSCO _cBIBLIOTECA MUNICIPAL DEL CUSCO |
||
| 082 |
_a340.02 / _bO65 |
||
| 100 |
_aOctavio Linares, M. _931127 |
||
| 245 | _aCultura jurídica / | ||
| 260 |
_aCusco : _bRozas, _c1968. |
||
| 300 |
_a164 páginas ; _c22 cm. |
||
| 440 |
_aÓrgano del circulo de cultura jurídica _n1 _931128 |
||
| 505 | _aContenido : Doctrina -- Legislación y jurisprudencia -- Actividades jurídicas ... | ||
| 650 |
_aCultura _9126 |
||
| 650 |
_aJurídica _922814 |
||
| 650 |
_aCusco _9772 |
||
| 700 |
_aBarrionuevo Sanchez, Armando _931129 |
||
| 942 |
_2ddc _cLIBROS |
||
| 945 |
_arah _d10/04/2019 |
||